Nosotros que nos queremos tanto: estado, modernización y separatismo: una interpretación del proceso boliviano

Guardat en:
Dades bibliogràfiques
Autor principal: Mitre, Antonio (autor)
Format: Llibre
Idioma:espanyol
Publicat: Santiago LOM 2010
Edició:1a. ed
Col·lecció:Colección Ciencia Política
Colección Bolsillo
Matèries:
Etiquetes: Afegir etiqueta
Sense etiquetes, Sigues el primer a etiquetar aquest registre!

MARC

LEADER 00000nam a2200000 a 4500
001 UCG3672
003 CL-VaPUC
008 100909e20100000CL |||||||||||||||||spa|d
020 |a 9789560001627 
082 0 4 |a 320  |b MIT  |2 21 
100 |a Mitre, Antonio  |e autor  |9 552965 
245 1 0 |a Nosotros que nos queremos tanto: estado, modernización y separatismo: una interpretación del proceso boliviano 
250 |a 1a. ed 
300 |a 140 p 
942 |c BK 
945 |d 20100909 00:00:00  |a mfarfan 
260 |a Santiago  |b LOM  |c 2010 
650 0 |a Ciencias Políticas  |9 255201 
650 0 |a Política y gobierno  |9 255151 
651 0 |a Bolivia  |9 255454 
583 |a last modification  |c 20100909 00:00:00  |k Rodrigo Vera 
490 0 |a Colección Ciencia Política 
490 0 |a Colección Bolsillo 
999 |c 342718  |d 342716 
952 |0 0  |1 0  |4 0  |6 320_000000000000000_MIT_2010  |7 0  |8 C  |9 439197  |a BIBCUR  |b BIBCUR  |d 2019-11-22  |i 4718194  |o 320 MIT 2010  |p 4718194  |r 2025-04-22  |w 2019-11-22  |y BK  |k CAC